[Event "World Rapid 2025"]
[Site "Doha QAT"]
[Date "2025.12.28"]
[Round "12.61"]
[White "Christiansen, Johan-Sebastian"]
[Black "Pichot, Alan"]
[Result "0-1"]
[WhiteTitle "GM"]
[BlackTitle "GM"]
[WhiteElo "2655"]
[BlackElo "2597"]
[WhiteFideId "1512668"]
[BlackFideId "110973"]
[EventDate "2025.12.26"]

1. e4 e5 2. Nc3 Nf6 3. d4 exd4 4. Qxd4 Nc6 5. Qe3 Be7 6. Bd2 d5 7. exd5 Nxd5 8.
Qg3 Nxc3 9. Bxc3 Bf6 10. Bb5 O-O 11. Ne2 Bxc3+ 12. Qxc3 Bd7 13. O-O Qg5 14. Bd3
Rad8 15. Ng3 Be6 16. f4 Qa5 17. Qxa5 Nxa5 18. b3 Nc6 19. f5 Bd5 20. f6 g6 21.
Rf4 Rfe8 22. h4 h5 23. Raf1 Ne5 24. Be2 Bc6 25. Ne4 Rd4 26. Ng5 Rd2 27. R1f2
Rxc2 28. Rd4 Rxa2 29. b4 Ng4 30. Bxg4 Re1+ 31. Kh2 Rxf2 32. Bf3 Re8 33. Kg1 Rc2
34. Kh2 Bxf3 35. Nxf3 Rc6 36. Rd7 Rc8 37. Ng5 Rxf6 38. Kh3 a6 39. g4 hxg4+ 40.
Kxg4 b6 41. Ne4 Rc6 42. h5 Re8 43. Ng5 Rc4+ 44. Kg3 gxh5 45. Nxf7 Re3+ 46. Kf2
Rb3 0-1

[Event "World Rapid 2025"]
[Site "Doha QAT"]
[Date "2025.12.28"]
[Round "12.62"]
[White "Idani, Pouya"]
[Black "Chasin, Nico"]
[Result "1/2-1/2"]
[WhiteTitle "GM"]
[BlackTitle "IM"]
[WhiteElo "2611"]
[BlackElo "2517"]
[WhiteFideId "12510130"]
[BlackFideId "30908477"]
[EventDate "2025.12.26"]

1. e4 c5 2. Nf3 Nc6 3. Bb5 d6 4. O-O Bd7 5. Re1 a6 6. Bxc6 Bxc6 7. d4 cxd4 8.
Nxd4 Rc8 9. c4 g6 10. Nc3 Bg7 11. b3 Bd7 12. Qd3 Nf6 13. f3 O-O 14. Be3 Qa5 15.
a4 e6 16. Nde2 d5 17. cxd5 Nxd5 18. exd5 Bxc3 19. Nxc3 Qxc3 20. Qe4 exd5 21. Qh4
Rfe8 22. Bd4 Rxe1+ 23. Rxe1 Qd2 24. Be3 Qb2 25. h3 Re8 26. Bc5 Rxe1+ 27. Qxe1 f6
28. Qe7 Qa1+ 29. Kf2 Qb2+ 1/2-1/2

[Event "World Rapid 2025"]
[Site "Doha QAT"]
[Date "2025.12.28"]
[Round "12.63"]
[White "Lobanov, Sergei"]
[Black "Ibarra Jerez, Jose Carlos"]
[Result "1/2-1/2"]
[WhiteTitle "GM"]
[BlackTitle "GM"]
[WhiteElo "2527"]
[BlackElo "2532"]
[WhiteFideId "24183750"]
[BlackFideId "2226332"]
[EventDate "2025.12.26"]

1. d4 Nf6 2. c4 d6 3. Nf3 g6 4. Nc3 Bf5 5. Bg5 Ne4 6. Nxe4 Bxe4 7. Nd2 Bf5 8. e4
Bd7 9. Be2 Bg7 10. Be3 c5 11. dxc5 dxc5 12. Bxc5 Bxb2 13. Rb1 Bg7 14. Rxb7 Qa5
15. Bxa7 Nc6 16. Be3 Bc8 17. Rb5 Qxa2 18. O-O O-O 1/2-1/2

[Event "World Rapid 2025"]
[Site "Doha QAT"]
[Date "2025.12.28"]
[Round "12.64"]
[White "Orozbaev, Eldiyar"]
[Black "Sasikiran, Krishnan"]
[Result "0-1"]
[WhiteTitle "IM"]
[BlackTitle "GM"]
[WhiteElo "2348"]
[BlackElo "2538"]
[WhiteFideId "13802240"]
[BlackFideId "5004985"]
[EventDate "2025.12.26"]

1. e4 c5 2. c3 d5 3. exd5 Qxd5 4. d4 g6 5. Nf3 Bg7 6. Nbd2 cxd4 7. Bc4 Qd8 8.
Qb3 Nh6 9. Nxd4 O-O 10. N2f3 Nc6 11. Nxc6 bxc6 12. O-O Qc7 13. Re1 Nf5 14. Ng5
Nd6 15. Bd3 c5 16. Qa3 Bb7 17. Ne4 Nxe4 18. Bxe4 Qe5 19. f4 Qc7 20. Bxb7 Qxb7
21. Qxc5 e6 22. Qf2 Rab8 23. Re2 Rfd8 24. Be3 a5 25. Rc1 a4 26. h3 h5 27. Kh2
Rd3 28. a3 Bf6 29. Rcc2 Rbd8 30. c4 Rb3 31. c5 Qc6 32. Red2 Rxd2 33. Qxd2 Qe4
34. c6 Rxe3 35. c7 Qxf4+ 36. Kg1 Bd4 37. c8=Q+ Kh7 38. Qxd4 Re1# 0-1

[Event "World Rapid 2025"]
[Site "Doha QAT"]
[Date "2025.12.28"]
[Round "12.65"]
[White "Vokhidov, Shamsiddin"]
[Black "Siddharth, Jagadeesh"]
[Result "1-0"]
[WhiteTitle "GM"]
[BlackTitle "GM"]
[WhiteElo "2641"]
[BlackElo "2489"]
[WhiteFideId "14204223"]
[BlackFideId "5818320"]
[EventDate "2025.12.26"]

1. e4 d6 2. d4 Nf6 3. Nc3 e5 4. Nf3 Nbd7 5. Rg1 g6 6. g4 exd4 7. Nxd4 Bg7 8. Be2
Nc5 9. f3 d5 10. g5 Nh5 11. Be3 dxe4 12. fxe4 O-O 13. Ndb5 Ne6 14. Bxh5 gxh5 15.
Nd5 c6 16. Nf6+ Kh8 17. Nd6 Nxg5 18. Nxh5 Be5 19. Rxg5 Bxd6 20. Qd4+ f6 21.
O-O-O Be7 22. Qc3 Qe8 23. Bd4 Qf7 24. Bxf6+ 1-0

[Event "World Rapid 2025"]
[Site "Doha QAT"]
[Date "2025.12.28"]
[Round "12.66"]
[White "Le, Tuan Minh"]
[Black "Stribuk, Artiom"]
[Result "0-1"]
[WhiteTitle "GM"]
[BlackTitle "IM"]
[WhiteElo "2598"]
[BlackElo "2476"]
[WhiteFideId "12401153"]
[BlackFideId "13515659"]
[EventDate "2025.12.26"]

1. d4 Nf6 2. c4 c6 3. Nf3 d5 4. Qc2 g6 5. cxd5 cxd5 6. Bf4 Nc6 7. e3 Bf5 8. Qb3
Na5 9. Bb5+ Bd7 10. Qd3 Bg7 11. Bxd7+ Nxd7 12. Nc3 Nb6 13. Rc1 a6 14. h4 Rc8 15.
h5 O-O 16. hxg6 hxg6 17. Ne5 Nac4 18. Nxc4 Nxc4 19. Qe2 Re8 20. O-O e6 21. Na4
b5 22. Nc3 Qd7 23. b3 Na3 24. Qb2 Bf8 25. Ne2 Rxc1 26. Rxc1 Rc8 27. Be5 Rc6 28.
Qd2 b4 29. Nf4 Qc8 30. Rxc6 Qxc6 31. Qd1 Qc2 32. Qg4 Qf5 33. Qh4 Bg7 34. Qd8+
Kh7 35. Qh4+ Kg8 36. g4 Qb1+ 37. Kh2 Bxe5 38. dxe5 Qb2 39. Qd8+ Kh7 40. Qh4+ Kg8
41. Qd8+ Kh7 42. Kg1 Qxe5 43. Qe7 Kg8 44. Qxb4 Qa1+ 45. Kg2 Qxa2 46. Qb8+ Kg7
47. Qc7 Nb5 48. Qe7 Kg8 49. Nh3 Qa3 50. b4 Qc3 51. Ng5 Qc7 52. Qf6 Nd6 53. Qf4
Qe7 54. Nf3 Ne4 55. Qb8+ Kg7 56. Qb6 Qd6 57. Qd4+ Kg8 58. Ne5 Qc7 59. Nd3 Qc2
60. Kf3 Qd1+ 61. Kf4 f6 62. g5 e5+ 63. Nxe5 fxg5# 0-1

[Event "World Rapid 2025"]
[Site "Doha QAT"]
[Date "2025.12.28"]
[Round "12.67"]
[White "Khubukshanov, Erdem"]
[Black "Urkedal, Frode Olav Olsen"]
[Result "1-0"]
[WhiteTitle "IM"]
[BlackTitle "GM"]
[WhiteElo "2502"]
[BlackElo "2568"]
[WhiteFideId "54114527"]
[BlackFideId "1506102"]
[EventDate "2025.12.26"]

1. e4 e5 2. Nf3 Nc6 3. Bc4 Nf6 4. d3 Bc5 5. O-O d6 6. c3 a5 7. Re1 O-O 8. h3 Ba7
9. Nbd2 Be6 10. Bb5 Ne7 11. Nf1 c6 12. Ba4 Ng6 13. Ng3 h6 14. Bc2 Qd7 15. d4
exd4 16. cxd4 Rad8 17. Be3 d5 18. e5 Ne4 19. Nxe4 dxe4 20. Bxe4 Bd5 21. Qc2 Ne7
22. Rad1 Bxe4 23. Qxe4 Qf5 24. Qh4 Rd7 25. Bd2 Bb6 26. Re4 Ng6 27. Qg4 Qxg4 28.
Rxg4 Kh7 29. Re1 Ne7 30. e6 fxe6 31. Rxe6 Nf5 32. Bc3 Rfd8 33. Ree4 Rd5 34. h4
a4 35. a3 Ba7 36. h5 b5 37. Rg6 R8d6 38. g4 Nxd4 39. Bxd4 Rxd4 40. Nxd4 Rxd4 41.
Rxd4 Bxd4 42. Rxc6 Bxb2 43. Rb6 Bxa3 44. Rxb5 Be7 45. Ra5 a3 46. Kg2 Kg8 47. f4
Kf7 48. Ra6 Ke8 49. Kf3 Kd7 50. Ke4 Kc7 51. Kd5 Kb7 52. Ra4 Kb6 53. Kc4 Bd6 54.
Kb3 Kc6 55. Kc4 Bxf4 56. Rxa3 Be5 57. Ra6+ Kd7 58. Kd5 Bf6 59. Ra7+ 1-0

[Event "World Rapid 2025"]
[Site "Doha QAT"]
[Date "2025.12.28"]
[Round "12.68"]
[White "Daneshvar, Bardiya"]
[Black "Piliposyan, Robert"]
[Result "1-0"]
[WhiteTitle "GM"]
[BlackTitle "IM"]
[WhiteElo "2600"]
[BlackElo "2442"]
[WhiteFideId "12576468"]
[BlackFideId "13309978"]
[EventDate "2025.12.26"]

1. e4 e6 2. d4 d5 3. Nc3 Nf6 4. e5 Nfd7 5. f4 c5 6. Nf3 Nc6 7. Be3 Rb8 8. h4
cxd4 9. Nxd4 Bc5 10. Qd2 a6 11. O-O-O Bxd4 12. Bxd4 Nxd4 13. Qxd4 b5 14. Bd3 b4
15. Ne2 Qb6 16. Qxb6 Rxb6 17. h5 h6 18. Nd4 Ke7 19. Nb3 Bb7 20. Kd2 a5 21. Nxa5
Ra8 22. Nb3 Rxa2 23. Ra1 Rxa1 24. Rxa1 f6 25. Ra7 fxe5 26. fxe5 Kd8 27. Nd4 Kc7
28. Nf3 Kb8 29. Ra5 Kc7 30. Ke3 Bc6 31. Kf4 d4 32. Nxd4 Bxg2 33. Bb5 Nf8 34. Bc4
Kd7 35. Ra7+ Rb7 36. Ra6 Bd5 37. Bxd5 exd5 38. e6+ Ke8 39. Ra8+ Ke7 40. Nf5+
Kxe6 41. Rxf8 Rc7 42. Nd4+ Ke7 43. Rb8 1-0

[Event "World Rapid 2025"]
[Site "Doha QAT"]
[Date "2025.12.28"]
[Round "12.85"]
[White "Vakhidov, Jakhongir"]
[Black "Sapenov, Daniyal"]
[Result "1-0"]
[WhiteTitle "GM"]
[BlackTitle "IM"]
[WhiteElo "2516"]
[BlackElo "2440"]
[WhiteFideId "14201801"]
[BlackFideId "13728911"]
[EventDate "2025.12.26"]

1. c4 e5 2. Nc3 Nf6 3. Nf3 Nc6 4. e4 Bb4 5. d3 d6 6. a3 Ba5 7. b4 Bb6 8. Na4 Bg4
9. Nxb6 axb6 10. Bb2 Nd7 11. Be2 Bxf3 12. Bxf3 Nf8 13. b5 Ne7 14. Bg4 Neg6 15.
d4 exd4 16. Bxd4 Ne5 17. O-O Nxg4 18. Qxg4 Ne6 19. Bb2 h5 20. Qf5 Qh4 21. f4 O-O
22. Rf3 g6 23. Qd5 Rae8 24. Raf1 Nc5 25. Qd4 f6 26. Rh3 Qg4 27. Rg3 Qe6 28.
Rxg6+ Kh7 29. Qd1 1-0

[Event "World Rapid 2025"]
[Site "Doha QAT"]
[Date "2025.12.28"]
[Round "12.86"]
[White "Bortnyk, Olexandr"]
[Black "Gholami Orimi, Mahdi"]
[Result "0-1"]
[WhiteTitle "GM"]
[BlackTitle "GM"]
[WhiteElo "2601"]
[BlackElo "2515"]
[WhiteFideId "14120828"]
[BlackFideId "12558486"]
[EventDate "2025.12.26"]

1. d4 Nf6 2. Nc3 d5 3. Bf4 a6 4. e3 e6 5. a3 c5 6. Nf3 Nc6 7. h3 b5 8. dxc5 Bxc5
9. Bd3 Qe7 10. O-O h6 11. e4 d4 12. Ne2 e5 13. Bd2 Be6 14. c3 dxc3 15. Bxc3 Nd7
16. Ng3 O-O 17. Nf5 Qf6 18. Rc1 Rfd8 19. Qe2 Bf8 20. b4 g6 21. Ne3 Nd4 22. Bxd4
exd4 23. Nd5 Bxd5 24. exd5 Nb6 25. Rc6 Rd6 26. Ne5 Nxd5 27. Ng4 Qd8 28. Rfc1 Nf4
29. Qf3 Nxd3 30. Qxd3 Rxc6 31. Rxc6 Bg7 32. Qb3 h5 33. Nh2 Rc8 34. Rxg6 Rc3 35.
Qa2 Rc1+ 36. Nf1 Qc7 37. Rxg7+ Kxg7 38. Qd2 Rc4 39. Qg5+ Kf8 40. Ng3 Rc1+ 41.
Kh2 Rc6 42. Qxh5 Qf4 43. Qh8+ Ke7 44. Qa8 Rd6 45. Qa7+ Kf6 46. Kg1 Kg6 47. Qb8
Kh7 48. Ne4 Qc1+ 49. Kh2 Re6 50. f3 d3 51. h4 Re7 52. Nf6+ Kg6 53. Nd5 Re1 54.
Nf4+ Kg7 55. Nxd3 Rh1+ 56. Kg3 Qd2 57. Nf2 Rf1 58. Ne4 Qe1+ 59. Kg4 Qa1 60. h5
Rg1 61. g3 Qd4 62. Qc7 Rh1 63. Qe7 Qd5 64. Qf6+ Kg8 65. Qg5+ Qxg5+ 66. Kxg5 Ra1
67. Kf6 Rxa3 68. f4 a5 69. Ke5 a4 70. Nf6+ 0-1

[Event "World Rapid 2025"]
[Site "Doha QAT"]
[Date "2025.12.28"]
[Round "12.87"]
[White "Salem, A.R. Saleh"]
[Black "Saraci, Nderim"]
[Result "1-0"]
[WhiteTitle "GM"]
[BlackTitle "IM"]
[WhiteElo "2635"]
[BlackElo "2461"]
[WhiteFideId "9301348"]
[BlackFideId "6351921"]
[EventDate "2025.12.26"]

1. d4 Nf6 2. c4 e6 3. Nc3 d5 4. cxd5 exd5 5. Bg5 c6 6. e3 Be7 7. Bd3 Bg4 8. f3
Bh5 9. Nge2 Bg6 10. h4 Nbd7 11. g4 Qb6 12. h5 Bxd3 13. Qxd3 h6 14. Bf4 c5 15.
O-O-O Qc6 16. Kb1 c4 17. Qf5 b5 18. e4 Nb6 19. g5 hxg5 20. Bxg5 b4 21. Bxf6 Qxf6
22. Qxf6 Bxf6 23. Nxd5 Nxd5 24. exd5 Kd7 25. Ng3 Rab8 26. Ne4 Rb5 27. Nxf6+ gxf6
28. h6 Rxd5 29. Rh4 Rd6 30. d5 c3 31. h7 Rb6 32. Rg1 Rbb8 33. Rg7 Ke7 34. Re4+
Kf8 35. Reg4 Ke7 36. Rg8 Rf8 37. d6+ 1-0

[Event "World Rapid 2025"]
[Site "Doha QAT"]
[Date "2025.12.28"]
[Round "12.88"]
[White "Svane, Rasmus"]
[Black "Isanzhulov, Arystan"]
[Result "1/2-1/2"]
[WhiteTitle "GM"]
[BlackTitle "IM"]
[WhiteElo "2608"]
[BlackElo "2419"]
[WhiteFideId "4657101"]
[BlackFideId "13711644"]
[EventDate "2025.12.26"]

1. Nf3 Nf6 2. g3 d5 3. Bg2 e6 4. O-O Be7 5. c4 O-O 6. b3 c5 7. cxd5 Nxd5 8. Nc3
Nc6 9. Bb2 Nxc3 10. dxc3 Qc7 11. Qc2 b6 12. Bc1 h6 13. Bf4 Bd6 14. Bxd6 Qxd6 15.
Rad1 Qc7 16. Ne5 Qxe5 17. Bxc6 Rb8 18. Rd2 Qc7 19. Bf3 Ba6 20. Rfd1 Rbd8 21. c4
Bc8 22. h4 Rfe8 23. Qe4 Rxd2 24. Rxd2 Rd8 25. Qf4 Qe7 26. Rxd8+ Qxd8 27. Qb8 Qd7
28. a3 Kh7 29. b4 cxb4 30. axb4 a5 31. b5 Qd8 32. c5 a4 33. Qa7 bxc5 34. Qxa4
Qd6 35. Qa7 f5 36. b6 c4 37. Qa8 Qc5 38. b7 Bxb7 39. Qxb7 c3 40. Qb1 Qa3 41. Bd5
exd5 42. Qxf5+ Kh8 43. Qc8+ Kh7 44. Qf5+ Kh8 45. Qc8+ 1/2-1/2

[Event "World Rapid 2025"]
[Site "Doha QAT"]
[Date "2025.12.28"]
[Round "12.89"]
[White "Pranav, V"]
[Black "Xiao, Tong(QD)"]
[Result "1-0"]
[WhiteTitle "GM"]
[BlackTitle "GM"]
[WhiteElo "2641"]
[BlackElo "2555"]
[WhiteFideId "25060783"]
[BlackFideId "8622388"]
[EventDate "2025.12.26"]

1. d4 d5 2. Nf3 Nf6 3. Bg5 c6 4. Nbd2 Qb6 5. Qc1 Bf5 6. e3 Nbd7 7. Be2 h6 8. Bh4
e6 9. O-O Bd6 10. c4 Qd8 11. c5 Bc7 12. b4 a6 13. a4 O-O 14. b5 g5 15. Bg3 Ne4
16. Nxe4 Bxe4 17. Bxc7 Qxc7 18. Nd2 Bg6 19. Qc3 e5 20. b6 Qb8 21. Nb3 Re8 22.
Rfe1 Nf6 23. Na5 e4 24. Reb1 Re7 25. Rb2 Kg7 26. Rab1 h5 27. h3 g4 28. h4 Qc8
29. Qe1 Ng8 30. g3 Nh6 31. Qc3 Kh7 32. Kf1 Nf5 33. Ke1 Ng7 34. Kd1 Ne6 35. Qe1
Nd8 36. Qf1 Bf5 37. Kc2 Bg6 38. Kb3 Bf5 39. Ka3 Bg6 40. Qe1 Bf5 41. Nb3 Bg6 42.
Na1 Bf5 43. Nc2 Qb8 44. Nb4 Bc8 45. Qc3 Kg6 46. Qb3 Be6 47. Qc2 Kh6 48. Qd1 Bc8
49. Qf1 Kg6 50. Qd1 Kh6 51. Qd2 Kg7 52. Rf1 Re6 53. Rfb1 Re7 54. Bf1 Kh7 55. Na2
Kg7 56. Nc3 Bf5 57. Qc2 Rd7 58. Be2 Kg6 59. Qd2 Re7 60. Bd1 Kg7 61. Na2 Bc8 62.
Qc3 Kh7 63. Nb4 Be6 64. Be2 Bc8 65. Qb3 Be6 66. Qc2 Kg7 67. Rb3 Bc8 68. Qb2 Kh7
69. Ka2 Kg6 70. Ka3 Kh7 71. Rc3 Kg6 72. Qa2 Be6 73. Rf1 Kg7 74. Bd1 Qc8 75. Bb3
Qd7 76. Qe2 Qc8 77. Ba2 Qd7 78. Qc2 a5 79. Qb2 axb4+ 80. Qxb4 f6 81. Ra1 Nf7 82.
Rcc1 Ree8 83. Bb3 Ra6 84. a5 Rea8 85. Kb2 Nd8 86. Bd1 Bf7 87. Be2 Qf5 88. Bxa6
Rxa6 89. Rc2 Be6 90. Qd2 Qf3 91. Kc3 Bc8 92. Kb4 Ne6 93. Rc3 Kf7 94. Rca3 Ke7
95. Rc3 Nf8 96. Qe1 Nd7 97. Qd2 Kf7 98. Qe1 Qf5 99. Qe2 Nb8 100. Rc2 Qg6 101.
Ra3 Bf5 102. Ra1 Qg8 103. Ra3 Qf8 104. Qd2 Nd7 105. Qe2 Kg6 106. Qf1 Be6 107.
Qe2 f5 108. Rca2 Qf6 109. Qd2 Kh7 110. Qc3 Nf8 111. Ra1 Bc8 112. Rd1 Ng6 113.
Ra2 Qe7 114. Raa1 Nf8 115. Ra2 Nd7 116. Kb3 Nf6 117. Re1 Be6 118. Kb4 Nd7 119.
Ra4 Bf7 120. Re2 Bg6 121. Re1 Nf8 122. Ra2 Ne6 123. Kb3 Qf6 124. Ra4 Bf7 125.
Kb4 f4 126. Raa1 Bg6 127. Rad1 fxg3 128. fxg3 Qf3 129. Qd2 Qxg3 130. Rg1 Qxh4
131. Rh1 Qg5 132. Rde1 Kg7 133. Qe2 g3 134. Qg2 Bf5 135. Rxh5 Qxh5 136. Qxg3+
Kf6 137. Qe5+ Kg6 138. Rg1+ Kf7 139. Rf1 Kg6 140. Rg1+ Kf7 141. Rf1 Ng7 142.
Qc7+ Kg8 143. Rg1 Bg6 144. Rg2 Qh1 145. Qb8+ Kf7 146. Qxb7+ Kg8 147. Qb8+ Kf7
148. Qb7+ Kf6 149. Qxc6+ Ne6 150. Rxg6+ Kxg6 151. Qxe6+ Kg7 152. Qg4+ Kf6 153.
Qf4+ Kg6 154. Kb5 Ra8 155. Qd6+ Kg7 156. Qe7+ Kg6 157. Kc6 Rxa5 158. Qd6+ Kg5
159. Qxd5+ Kg6 160. Kc7 Qf3 161. b7 Ra7 162. Kb6 Rxb7+ 163. Kxb7 Qxe3 164. c6
Qe1 165. c7 Qb4+ 166. Kc6 Qc3+ 167. Kd7 Qh3+ 168. Qe6+ 1-0

[Event "World Rapid 2025"]
[Site "Doha QAT"]
[Date "2025.12.28"]
[Round "12.90"]
[White "Agmanov, Zhandos"]
[Black "Ganguly, Surya Shekhar"]
[Result "1-0"]
[WhiteTitle "IM"]
[BlackTitle "GM"]
[WhiteElo "2471"]
[BlackElo "2568"]
[WhiteFideId "13708309"]
[BlackFideId "5002150"]
[EventDate "2025.12.26"]

1. e4 e6 2. Nf3 d5 3. e5 c5 4. c3 Nc6 5. d4 Bd7 6. Be2 f6 7. O-O fxe5 8. Nxe5
Nxe5 9. dxe5 Qc7 10. Nd2 Qxe5 11. Re1 O-O-O 12. Nf3 Qc7 13. Ng5 Nh6 14. Bh5 Bd6
15. g3 g6 16. Nxe6 Bxe6 17. Rxe6 Nf7 18. Bf3 h5 19. Bxd5 h4 20. Rf6 hxg3 21.
Rxf7 Rd7 22. Qg4 gxf2+ 23. Kf1 1-0

[Event "World Rapid 2025"]
[Site "Doha QAT"]
[Date "2025.12.28"]
[Round "12.91"]
[White "Gokerkan, Cem Kaan"]
[Black "Maksimovic, Bojan"]
[Result "0-1"]
[WhiteTitle "GM"]
[BlackTitle "GM"]
[WhiteElo "2510"]
[BlackElo "2533"]
[WhiteFideId "6336760"]
[BlackFideId "14408120"]
[EventDate "2025.12.26"]

1. e4 e6 2. d4 d5 3. Nc3 Bb4 4. e5 c5 5. a3 Bxc3+ 6. bxc3 Nc6 7. Qg4 g6 8. h4
Qa5 9. Bd2 Bd7 10. h5 O-O-O 11. Nf3 Rf8 12. c4 Qc7 13. c3 Nge7 14. Be2 dxc4 15.
dxc5 Nxe5 16. Nxe5 Qxe5 17. O-O gxh5 18. Qxh5 Qxh5 19. Bxh5 Bc6 20. Rfe1 Rhg8
21. f3 Nf5 22. Kf2 Ng3 23. Bg4 Ne4+ 24. Ke2 Nxd2 25. Kxd2 h5 26. Bh3 Rg5 27. Re3
Rd8+ 28. Ke2 Rxc5 29. Ra2 Kc7 30. f4 h4 31. Kf2 Rd3 32. Rae2 Rxe3 33. Rxe3 Ra5
34. f5 exf5 35. Re7+ Kd6 0-1

[Event "World Rapid 2025"]
[Site "Doha QAT"]
[Date "2025.12.28"]
[Round "12.92"]
[White "Klukin, Kirill"]
[Black "Akobian, Varuzhan"]
[Result "1/2-1/2"]
[WhiteTitle "IM"]
[BlackTitle "GM"]
[WhiteElo "2414"]
[BlackElo "2549"]
[WhiteFideId "24199273"]
[BlackFideId "13300580"]
[EventDate "2025.12.26"]

1. d4 e6 2. c4 d5 3. Nc3 c5 4. cxd5 exd5 5. Nf3 Nc6 6. dxc5 d4 7. Ne4 Bxc5 8.
Nxc5 Qa5+ 9. Qd2 Qxc5 10. a3 Nge7 11. b4 Qb6 12. Bb2 O-O 13. Bxd4 Nxd4 14. Qxd4
Nc6 15. Qb2 Bg4 16. e3 Bxf3 17. gxf3 Rfe8 18. Be2 Ne5 19. f4 Nd7 20. Rg1 Nf6 21.
Rd1 Rad8 22. Rxd8 Rxd8 23. Qc3 g6 24. Bf3 Qe6 25. Kf1 Ne4 26. Qc2 Nd2+ 27. Kg2
Nxf3 28. Kxf3 Qh3+ 29. Ke2 Qh5+ 30. Ke1 Qxh2 31. Rg5 Qh1+ 32. Ke2 Qa1 33. Qb3
Qh1 34. Rc5 Qg2 35. Rc7 Qg4+ 36. Ke1 Qg1+ 37. Ke2 Qg4+ 38. Ke1 Qf5 39. Qc2 Qd5
40. Rc5 Qh1+ 41. Ke2 Qh3 42. f5 Qg4+ 43. Ke1 Qg1+ 44. Ke2 Qg4+ 45. Ke1 gxf5 46.
Rxf5 Qg1+ 47. Ke2 Qg4+ 48. Ke1 Qg1+ 49. Ke2 Qg4+ 50. Ke1 Qg1+ 1/2-1/2

[Event "World Rapid 2025"]
[Site "Doha QAT"]
[Date "2025.12.28"]
[Round "12.93"]
[White "Yilmaz, Mustafa"]
[Black "Samunenkov, Ihor"]
[Result "1/2-1/2"]
[WhiteTitle "GM"]
[BlackTitle "GM"]
[WhiteElo "2595"]
[BlackElo "2584"]
[WhiteFideId "6302718"]
[BlackFideId "14187086"]
[EventDate "2025.12.26"]

1. d4 Nf6 2. c4 e6 3. Nf3 d5 4. Nc3 c6 5. e3 Nbd7 6. Be2 dxc4 7. a4 Bd6 8. Nd2
e5 9. Nxc4 Bc7 10. b3 O-O 11. Ba3 Re8 12. O-O e4 13. Nd6 Bxd6 14. Bxd6 Nf8 15.
Bg3 a5 16. Rb1 Ng6 17. h3 Re7 18. Qd2 h5 19. Qb2 h4 20. Bh2 Be6 21. b4 axb4 22.
Qxb4 Ra5 23. Qd6 Qe8 24. Qb8 Bc8 25. Rfc1 Rg5 26. Kh1 Kh7 27. Bf1 Qd7 28. Nb5
Qf5 29. Nd6 Qxf2 30. Qxc8 Nh5 31. Re1 Re6 32. Re2 Qf6 33. Ne8 Qe7 34. Rxb7 Rf5
35. Rxe7 Rxf1+ 36. Bg1 Nxe7 37. Qd8 Ng3+ 38. Kh2 Nxe2 39. Nc7 Nf5 40. Nxe6 fxe6
41. Qg5 Nxg1 42. Qh5+ Kg8 43. Qe8+ Kh7 44. Qh5+ Kg8 45. Qe8+ Kh7 46. Qh5+ Kg8
47. Qe8+ Kh7 48. Qh5+ 1/2-1/2

[Event "World Rapid 2025"]
[Site "Doha QAT"]
[Date "2025.12.28"]
[Round "12.94"]
[White "Haug, Havard"]
[Black "Gavrilescu, David"]
[Result "1/2-1/2"]
[WhiteTitle "FM"]
[BlackTitle "GM"]
[WhiteElo "2416"]
[BlackElo "2542"]
[WhiteFideId "1547887"]
[BlackFideId "1227190"]
[EventDate "2025.12.26"]

1. d4 d5 2. Nf3 Nf6 3. c3 c5 4. Bf4 Qb6 5. Qb3 c4 6. Qxb6 axb6 7. Bxb8 Rxb8 8.
Nbd2 Bf5 9. g3 h6 10. Bg2 e6 11. O-O b5 12. a3 Be7 13. Rfe1 O-O 14. Ne5 Rfe8 15.
e4 Bh7 16. exd5 exd5 17. Re2 Rbd8 18. Rae1 Kf8 19. Bf3 Bd6 20. Ng4 Ne4 21. Ne3
Ng5 22. Bxd5 Bd3 23. Bxb7 Re7 24. Bc6 Rb8 25. h4 Nh7 26. Nf3 Bxe2 27. Rxe2 Nf6
28. a4 bxa4 29. Bxa4 Ng4 30. Kf1 Nxe3+ 31. fxe3 Reb7 32. Nd2 Rxb2 33. Nxc4 Rxe2
34. Kxe2 Bxg3 35. h5 g6 36. Kf3 Bc7 37. hxg6 fxg6 38. d5 Ke7 39. e4 Rf8+ 40. Ke3
Rf1 41. e5 Bxe5 42. Nxe5 Kd6 1/2-1/2

[Event "World Rapid 2025"]
[Site "Doha QAT"]
[Date "2025.12.28"]
[Round "12.95"]
[White "Warmerdam, Max"]
[Black "Suyarov, Mukhammadzokhid"]
[Result "0-1"]
[WhiteTitle "GM"]
[BlackTitle "IM"]
[WhiteElo "2573"]
[BlackElo "2454"]
[WhiteFideId "1048104"]
[BlackFideId "14210495"]
[EventDate "2025.12.26"]

1. Nf3 Nf6 2. c4 e6 3. b3 d5 4. Bb2 c5 5. cxd5 exd5 6. g3 Nc6 7. Bg2 d4 8. O-O
Be7 9. Na3 O-O 10. Nc4 Be6 11. e3 Bd5 12. exd4 cxd4 13. Re1 Re8 14. Nfe5 Bxg2
15. Kxg2 Qd5+ 16. Qf3 Qxf3+ 17. Nxf3 Rad8 18. a3 Bf8 19. Rxe8 Nxe8 20. Rc1 f6
21. d3 Kf7 22. b4 Rd5 23. Kf1 g5 24. h3 h5 25. g4 h4 26. Ncd2 Ng7 27. Nb3 Ne6
28. Rc4 Be7 29. Bc1 Ke8 30. Bd2 Kd7 31. a4 a6 32. b5 axb5 33. axb5 Rxb5 34.
Nbxd4 Ncxd4 35. Nxd4 Rb1+ 0-1

[Event "World Rapid 2025"]
[Site "Doha QAT"]
[Date "2025.12.28"]
[Round "12.96"]
[White "Nikitenko, Mihail"]
[Black "Can, Emre"]
[Result "1/2-1/2"]
[WhiteTitle "GM"]
[BlackTitle "GM"]
[WhiteElo "2476"]
[BlackElo "2541"]
[WhiteFideId "13506862"]
[BlackFideId "6302181"]
[EventDate "2025.12.26"]

1. d4 g6 2. e4 Bg7 3. Nc3 d6 4. Be3 Nf6 5. Qd2 c6 6. Nf3 b5 7. a3 Bb7 8. h3 O-O
9. Bd3 a6 10. O-O Nbd7 11. e5 Ne8 12. Bh6 c5 13. Bxg7 Nxg7 14. Be4 cxd4 15. Bxb7
dxc3 16. Qxc3 Rb8 17. Be4 Rc8 18. Qe3 Nxe5 19. Nxe5 dxe5 20. a4 Qd6 21. Rfd1 Qb4
22. b3 Rc3 23. Qe1 Ne6 24. axb5 axb5 25. Rd3 Nf4 26. Rf3 Qc5 27. Kh2 Rxf3 28.
Bxf3 b4 29. Rd1 Qxc2 30. Qxe5 Ne6 31. Rd7 Qxb3 32. Rxe7 Qc3 33. Qd6 Rd8 34. Qb6
Qd4 35. Qb7 Qd6+ 36. g3 Nc5 37. Qa7 Rd7 38. Re8+ Kg7 39. Qa8 Qd4 40. Rg8+ Kf6
41. Bg2 b3 42. Qf3+ Ke7 43. Qe2+ Ne6 44. Rb8 Qd3 45. Qe5 Qc2 46. Qe3 Rd3 47.
Qa7+ Rd7 48. Qa3+ Kf6 49. Rxb3 Kg7 50. Qa1+ Nd4 51. Rb7 Rd6 52. Qa3 Rf6 53. Rb2
Qd1 54. Qe3 Re6 55. Rd2 Rxe3 56. Rxd1 Nf3+ 1/2-1/2

[Event "World Rapid 2025"]
[Site "Doha QAT"]
[Date "2025.12.28"]
[Round "12.69"]
[White "Bai, Adelard"]
[Black "Kobalia, Mikhail"]
[Result "1/2-1/2"]
[WhiteTitle "IM"]
[BlackTitle "GM"]
[WhiteElo "2417"]
[BlackElo "2537"]
[WhiteFideId "16301188"]
[BlackFideId "4119150"]
[EventDate "2025.12.26"]

1. d4 d5 2. c4 c6 3. cxd5 cxd5 4. Bg5 h6 5. Bh4 Qb6 6. Nc3 e6 7. Qd2 Be7 8. Bxe7
Nxe7 9. e3 Nbc6 10. Nf3 Bd7 11. Bd3 O-O 12. O-O Rfc8 13. Na4 Qc7 14. Nc5 Be8 15.
Rfc1 b6 16. Na4 Qd8 17. Ba6 Rc7 18. Nc3 Na5 19. Qe2 Nf5 20. Rc2 Nd6 21. Rac1 f6
22. e4 Bg6 23. Bd3 Rxc3 24. Rxc3 dxe4 25. Bb1 exf3 26. Qxe6+ Bf7 27. Qe3 fxg2
28. Qd3 f5 29. Qa6 Bc4 30. Rxc4 Naxc4 31. Rxc4 Nxc4 32. Qxc4+ Kh8 33. Bxf5 Qg5
34. Be6 Rf8 35. d5 Qd2 36. Qh4 Qxb2 37. Kxg2 Qxa2 38. Qd4 b5 39. Qc5 Rb8 40. Qc7
Ra8 41. Qc6 Rd8 42. Qc7 Re8 43. Qc6 Rd8 44. Qc7 Re8 45. Qc6 Rb8 46. Qc7 Rf8 47.
Qc5 Rb8 48. Qc7 1/2-1/2